[Event "DEM U18 2025"]
[Site "Willingen GER"]
[Date "2025.06.12"]
[Round "7"]
[White "Lippitz, Jaden"]
[Black "Deschler, Arne"]
[Result "1/2-1/2"]
[Termination "normal"]
[Board "15"]
[WhiteElo "1828"]
[BlackElo "2055"]
[WhiteClock "00:25:54"]
[BlackClock "00:03:39"]
[PlyCount "200"]
[WhiteFideId "34608893"]
[BlackFideId "16274415"]
[EventCountry "GER"]
[EventRounds "9"]
[EventType "swiss"]
[EventDate "2025.06.07"]

1. d4 {[%clk 01:30:57]} {[%emt 00:00:02]} d5 {[%clk 01:30:57]} {[%emt
00:00:04]} 2. c4 {[%clk 01:31:23]} {[%emt 00:00:05]} c6 {[%clk 01:31:16]}
{[%emt 00:00:10]} 3. Nc3 {[%clk 01:31:46]} {[%emt 00:00:08]} Nf6 {[%clk
01:31:44]} {[%emt 00:00:02]} 4. e3 {[%clk 01:32:08]} {[%emt 00:00:07]} e6
{[%emt 00:02:22]} 5. Nf3 {[%clk 01:31:30]} {[%emt 00:00:37]} Bd6 {[%clk
01:29:54]} {[%emt 00:00:59]} 6. Qc2 {[%clk 01:31:20]} {[%emt 00:00:40]} Nbd7
{[%clk 01:28:29]} {[%emt 00:01:55]} 7. Bd2 {[%clk 01:31:01]} {[%emt 00:00:49]}
O-O {[%clk 01:28:10]} {[%emt 00:00:49]} 8. Bd3 {[%clk 01:30:41]} {[%emt
00:00:50]} Qe7 {[%clk 01:23:51]} {[%emt 00:04:49]} 9. c5 {[%clk 01:28:57]}
{[%emt 00:02:14]} Bc7 {[%clk 01:24:10]} {[%emt 00:00:11]} 10. O-O {[%clk
01:28:11]} {[%emt 00:01:16]} e5 {[%clk 01:21:09]} {[%emt 00:03:32]} 11. dxe5
{[%clk 01:26:34]} {[%emt 00:02:06]} Nxe5 {[%clk 01:21:37]} {[%emt 00:00:03]}
12. Nxe5 {[%clk 01:25:54]} {[%emt 00:01:09]} Qxe5 {[%clk 01:19:24]} {[%emt
00:02:44]} 13. f4 {[%clk 01:23:38]} {[%emt 00:02:44]} Qe7 {[%clk 01:19:24]}
{[%emt 00:00:31]} 14. Ne2 {[%clk 01:21:05]} {[%emt 00:03:02]} Re8 {[%clk
01:14:21]} {[%emt 00:05:34]} 15. Nd4 {[%clk 01:19:43]} {[%emt 00:01:52]} Ne4
{[%clk 01:07:27]} {[%emt 00:07:24]} 16. Bxe4 {[%clk 01:18:07]} {[%emt
00:02:06]} Qxe4 {[%clk 01:07:35]} {[%emt 00:00:22]} 17. Qxe4 {[%clk 01:17:51]}
{[%emt 00:00:45]} Rxe4 {[%clk 01:06:52]} {[%emt 00:01:14]} 18. b4 {[%clk
01:14:55]} {[%emt 00:03:26]} a6 {[%clk 01:02:16]} {[%emt 00:05:06]} 19. a4
{[%clk 01:14:05]} {[%emt 00:01:20]} Bd7 {[%clk 01:01:11]} {[%emt 00:01:34]} 20.
a5 {[%clk 01:12:22]} {[%emt 00:02:14]} Rae8 {[%clk 00:57:25]} {[%emt 00:04:16]}
21. Rae1 {[%clk 01:09:11]} {[%emt 00:03:40]} Bd8 {[%clk 00:52:29]} {[%emt
00:05:27]} 22. Nf3 {[%clk 00:54:34]} {[%emt 00:15:06]} Bf6 {[%clk 00:48:39]}
{[%emt 00:04:20]} 23. Kf2 {[%clk 00:44:02]} {[%emt 00:11:02]} Bg4 {[%clk
00:45:49]} {[%emt 00:03:20]} 24. h3 {[%clk 00:39:38]} {[%emt 00:04:54]} Bxf3
{[%clk 00:44:20]} {[%emt 00:01:59]} 25. Kxf3 {[%clk 00:39:58]} {[%emt
00:00:10]} Rc4 {[%clk 00:42:44]} {[%emt 00:02:07]} 26. Rc1 {[%clk 00:34:18]}
{[%emt 00:06:10]} Ree4 {[%clk 00:40:20]} {[%emt 00:02:54]} 27. Rxc4 {[%clk
00:29:42]} {[%emt 00:05:05]} Rxc4 {[%clk 00:40:48]} {[%emt 00:00:02]} 28. Ke2
{[%clk 00:26:51]} {[%emt 00:03:21]} g6 {[%clk 00:33:20]} {[%emt 00:07:58]} 29.
Rc1 {[%clk 00:24:48]} {[%emt 00:02:34]} Rxc1 {[%clk 00:27:32]} {[%emt
00:06:18]} 30. Bxc1 {[%clk 00:25:05]} {[%emt 00:00:13]} Kf8 {[%clk 00:25:06]}
{[%emt 00:02:56]} 31. Kd3 {[%clk 00:24:35]} {[%emt 00:00:59]} Ke7 {[%clk
00:25:28]} {[%emt 00:00:09]} 32. Bd2 {[%clk 00:24:29]} {[%emt 00:00:36]} Ke6
{[%clk 00:25:36]} {[%emt 00:00:23]} 33. g4 {[%clk 00:21:52]} {[%emt 00:03:05]}
h6 {[%clk 00:13:35]} {[%emt 00:12:32]} 34. e4 {[%clk 00:20:24]} {[%emt
00:01:58]} dxe4+ {[%clk 00:12:30]} {[%emt 00:01:35]} 35. Kxe4 {[%clk 00:19:53]}
{[%emt 00:01:01]} Bb2 {[%clk 00:10:34]} {[%emt 00:02:26]} 36. f5+ {[%clk
00:12:07]} {[%emt 00:08:16]} Kf6 {[%clk 00:10:27]} {[%emt 00:00:37]} 37. fxg6
{[%clk 00:11:00]} {[%emt 00:01:37]} Kxg6 {[%clk 00:09:05]} {[%emt 00:01:51]}
38. Kf4 {[%clk 00:09:41]} {[%emt 00:01:49]} h5 {[%clk 00:07:32]} {[%emt
00:02:04]} 39. gxh5+ {[%clk 00:09:10]} {[%emt 00:01:00]} Kxh5 {[%clk 00:08:00]}
{[%emt 00:00:02]} 40. Be1 {[%clk 00:08:54]} {[%emt 00:00:46]} Kg6 {[%clk
00:05:28]} {[%emt 00:03:02]} 41. Bd2 {[%clk 00:05:55]} {[%emt 00:03:30]} Kh5
{[%clk 00:03:56]} {[%emt 00:02:02]} 42. Be1 {[%clk 00:05:58]} {[%emt 00:00:26]}
Kg6 {[%clk 00:03:26]} {[%emt 00:01:01]} 43. Bd2 {[%clk 00:06:13]} {[%emt
00:00:15]} Bf6 {[%clk 00:02:50]} {[%emt 00:01:05]} 44. Be1 {[%clk 00:05:35]}
{[%emt 00:01:08]} Bd8 {[%clk 00:30:22]} {[%emt 00:02:59]} 45. Bc3 {[%clk
00:35:12]} {[%emt 00:00:53]} Bg5+ {[%clk 00:30:12]} {[%emt 00:00:39]} 46. Kf3
{[%clk 00:34:10]} {[%emt 00:01:32]} Kf5 {[%clk 00:30:09]} {[%emt 00:00:33]} 47.
Be1 {[%clk 00:33:24]} {[%emt 00:01:16]} Bf6 {[%clk 00:29:19]} {[%emt 00:01:21]}
48. Bd2 {[%clk 00:32:36]} {[%emt 00:01:18]} Bb2 {[%clk 00:28:16]} {[%emt
00:01:33]} 49. Be1 {[%clk 00:32:13]} {[%emt 00:00:53]} Kg5 {[%clk 00:28:25]}
{[%emt 00:00:20]} 50. Bd2+ {[%clk 00:31:50]} {[%emt 00:00:54]} Kh4 {[%clk
00:28:04]} {[%emt 00:00:50]} 51. Kg2 {[%clk 00:32:01]} {[%emt 00:00:19]} Be5
{[%clk 00:27:17]} {[%emt 00:01:16]} 52. Be1+ {[%clk 00:31:56]} {[%emt
00:00:36]} Kg5 {[%clk 00:27:34]} {[%emt 00:00:13]} 53. Kf3 {[%clk 00:32:03]}
{[%emt 00:00:23]} Kf5 {[%clk 00:26:57]} {[%emt 00:01:08]} 54. Bd2 {[%clk
00:32:12]} {[%emt 00:00:20]} Bg7 {[%clk 00:27:13]} {[%emt 00:00:14]} 55. Be1
{[%clk 00:32:14]} {[%emt 00:00:28]} Ba1 {[%clk 00:27:13]} {[%emt 00:00:31]} 56.
Bd2 {[%clk 00:32:16]} {[%emt 00:00:27]} Bh8 {[%clk 00:27:32]} {[%emt 00:00:10]}
57. Be1 {[%clk 00:32:27]} {[%emt 00:00:20]} Bg7 {[%clk 00:27:55]} {[%emt
00:00:06]} 58. Bd2 {[%clk 00:32:34]} {[%emt 00:00:24]} Bd4 {[%clk 00:22:58]}
{[%emt 00:05:29]} 59. Be1 {[%clk 00:32:12]} {[%emt 00:00:51]} Kg5 {[%clk
00:23:18]} {[%emt 00:00:09]} 60. Ke4 {[%clk 00:32:08]} {[%emt 00:00:35]} Bb2
{[%clk 00:22:42]} {[%emt 00:01:07]} 61. Kf3 {[%clk 00:32:15]} {[%emt 00:00:22]}
Ba1 {[%clk 00:21:42]} {[%emt 00:01:30]} 62. Bd2+ {[%clk 00:32:23]} {[%emt
00:00:21]} Kh4 {[%clk 00:21:49]} {[%emt 00:00:22]} 63. Kg2 {[%clk 00:32:42]}
{[%emt 00:00:12]} f5 {[%clk 00:21:43]} {[%emt 00:00:37]} 64. Be1+ {[%clk
00:32:13]} {[%emt 00:00:58]} Kg5 {[%clk 00:21:53]} {[%emt 00:00:20]} 65. Kf3
{[%clk 00:32:20]} {[%emt 00:00:23]} Be5 {[%clk 00:22:00]} {[%emt 00:00:20]} 66.
Bd2+ {[%clk 00:31:51]} {[%emt 00:01:03]} Kf6 {[%clk 00:22:15]} {[%emt
00:00:14]} 67. Be1 {[%clk 00:31:43]} {[%emt 00:00:38]} Kg5 {[%clk 00:22:10]}
{[%emt 00:00:33]} 68. Bd2+ {[%clk 00:31:46]} {[%emt 00:00:29]} Kh4 {[%clk
00:22:34]} {[%emt 00:00:06]} 69. Kg2 {[%clk 00:32:03]} {[%emt 00:00:13]} Kh5
{[%clk 00:15:55]} {[%emt 00:07:09]} 70. Kf3 {[%clk 00:32:10]} {[%emt 00:00:23]}
Kg6 {[%clk 00:16:23]} {[%emt 00:00:03]} 71. Be1 {[%clk 00:32:06]} {[%emt
00:00:34]} Kf6 {[%clk 00:16:46]} {[%emt 00:00:06]} 72. Bd2 {[%clk 00:31:30]}
{[%emt 00:01:07]} Ke6 {[%clk 00:15:38]} {[%emt 00:01:37]} 73. Be1 {[%clk
00:31:00]} {[%emt 00:00:59]} Kd5 {[%clk 00:12:42]} {[%emt 00:03:28]} 74. Ke3
{[%clk 00:30:14]} {[%emt 00:01:15]} Bh2 {[%clk 00:11:11]} {[%emt 00:02:01]} 75.
Kf3 {[%clk 00:29:11]} {[%emt 00:01:34]} Be5 {[%clk 00:08:29]} {[%emt 00:03:12]}
76. Ke3 {[%clk 00:29:28]} {[%emt 00:00:13]} Ke6 {[%clk 00:07:18]} {[%emt
00:01:38]} 77. Kf3 {[%clk 00:29:46]} {[%emt 00:00:13]} Kf6 {[%clk 00:07:12]}
{[%emt 00:00:38]} 78. Bd2 {[%clk 00:30:00]} {[%emt 00:00:16]} Kg6 {[%clk
00:07:25]} {[%emt 00:00:17]} 79. Be1 {[%clk 00:30:12]} {[%emt 00:00:18]} Bd4
{[%clk 00:04:42]} {[%emt 00:03:13]} 80. Bd2 {[%clk 00:29:50]} {[%emt 00:00:52]}
Bb2 {[%clk 00:05:00]} {[%emt 00:00:11]} 81. Be1 {[%clk 00:29:56]} {[%emt
00:00:24]} Bc1 {[%clk 00:05:17]} {[%emt 00:00:12]} 82. Bc3 {[%clk 00:29:44]}
{[%emt 00:00:43]} Kg5 {[%clk 00:04:24]} {[%emt 00:01:22]} 83. Be1 {[%clk
00:29:54]} {[%emt 00:00:21]} Kf6 {[%clk 00:03:31]} {[%emt 00:01:21]} 84. Bc3+
{[%clk 00:28:55]} {[%emt 00:01:31]} Ke6 {[%clk 00:03:56]} {[%emt 00:00:05]} 85.
Be1 {[%clk 00:29:03]} {[%emt 00:00:22]} Ke5 {[%clk 00:03:52]} {[%emt 00:00:33]}
86. Bc3+ {[%clk 00:28:48]} {[%emt 00:00:47]} Kd5 {[%clk 00:04:17]} {[%emt
00:00:04]} 87. Be1 {[%clk 00:27:19]} {[%emt 00:01:59]} Ke5 {[%clk 00:04:33]}
{[%emt 00:00:14]} 88. Bc3+ {[%clk 00:27:35]} {[%emt 00:00:14]} Ke6 {[%clk
00:05:03]} {[%emt 00:00:01]} 89. Be1 {[%clk 00:27:44]} {[%emt 00:00:19]} Kd5
{[%clk 00:05:31]} {[%emt 00:00:02]} 90. Bc3 {[%clk 00:27:21]} {[%emt 00:00:53]}
Bg5 {[%clk 00:05:18]} {[%emt 00:00:44]} 91. Be1 {[%clk 00:27:23]} {[%emt
00:00:28]} Bh6 {[%clk 00:05:47]} {[%emt 00:00:01]} 92. Bc3 {[%clk 00:27:31]}
{[%emt 00:00:22]} Bc1 {[%clk 00:06:15]} {[%emt 00:00:02]} 93. Be1 {[%clk
00:27:34]} {[%emt 00:00:25]} Bh6 {[%clk 00:02:17]} {[%emt 00:04:29]} 94. Bc3
{[%clk 00:27:19]} {[%emt 00:00:45]} Bg5 {[%clk 00:01:54]} {[%emt 00:00:53]} 95.
Be1 {[%clk 00:27:15]} {[%emt 00:00:35]} Ke5 {[%clk 00:02:05]} {[%emt 00:00:19]}
96. Bc3+ {[%clk 00:27:26]} {[%emt 00:00:18]} Ke6 {[%clk 00:02:31]} {[%emt
00:00:05]} 97. Be1 {[%clk 00:26:44]} {[%emt 00:01:11]} Bc1 {[%clk 00:02:59]}
{[%emt 00:00:03]} 98. Bc3 {[%clk 00:26:27]} {[%emt 00:00:46]} Kf7 {[%clk
00:03:23]} {[%emt 00:00:05]} 99. Ke2 {[%clk 00:26:10]} {[%emt 00:00:48]} Kg6
{[%clk 00:03:11]} {[%emt 00:00:43]} 100. Bd2 {[%clk 00:25:54]} {[%emt
00:00:46]} Bb2 {[%clk 00:03:39]} {[%emt 00:00:02]} 101. Kf3 {[%clk 00:25:56]}
{[%emt 00:00:27]} Be5 {[%clk 00:03:20]} {[%emt 00:00:49]} 102. Be1 {[%clk
00:26:10]} {[%emt 00:00:16]} Kg5 {[%clk 00:03:36]} {[%emt 00:00:13]} 103. Bd2+
{[%clk 00:26:25]} {[%emt 00:00:17]} Kh4 {[%clk 00:03:36]} {[%emt 00:00:30]}
104. Kg2 {[%clk 00:26:38]} {[%emt 00:00:17]} 1/2-1/2